Pages choisies / (Record no. 51875)

MARC details
000 -LEADER
campo de control de longitud fija 00858nam a2200229 i 4500
001 - NÚMERO DE CONTROL
campo de control 51875
003 - IDENTIFICADOR DE NÚMERO DE CONTROL
campo de control ES-MaACL
005 - FECHA Y HORA DE LA ÚLTIMA TRANSACCIÓN
campo de control 20250909225252.0
007 - CAMPO FIJO DE DESCRIPCIÓN FÍSICA--INFORMACIÓN GENERAL
campo de control de longitud fija t|
008 - DATOS DE LONGITUD FIJA--INFORMACIÓN GENERAL
campo de control de longitud fija 030820s1918 fr ||||1| fre d
100 1# - ENTRADA PRINCIPAL--NOMBRE DE PERSONA
Nombre de persona Darío, Rubén,
Fechas asociadas al nombre 1867-1916
9 (RLIN) 42720
245 10 - MENCIÓN DEL TÍTULO
Título Pages choisies /
Mención de responsabilidad, etc. Rubén Darío ; choix et prèface de Ventura García Calderón ; traductions de Marius André ; avec portrait de Rubén Darío par Tito Salas.
260 ## - PUBLICACIÓN, DISTRIBUCIÓN, ETC.
Lugar de publicación, distribución, etc. Paris :
Nombre del editor, distribuidor, etc. Félix Alcan,
Fecha de publicación, distribución, etc. 1918 (
Lugar de fabricación/manufactura Evreux :
Fabricante Ch. Herissey)
300 ## - DESCRIPCIÓN FÍSICA
Extensión XL, 148 p., 1 lám. ;
Dimensiones 21 cm.
490 1# - MENCIÓN DE SERIE
Mención de serie Bibliothèque France-Amérique
700 1# - ENTRADA AGREGADA--NOMBRE PERSONAL
Nombre de persona García Calderón, Ventura,
Fechas asociadas al nombre 1886-1959
9 (RLIN) 54317
700 1# - ENTRADA AGREGADA--NOMBRE PERSONAL
Nombre de persona Andre, Marius.
9 (RLIN) 21542
700 1# - ENTRADA AGREGADA--NOMBRE PERSONAL
Nombre de persona Salas, Tito.
9 (RLIN) 101748
830 0# - PUNTO DE ACCESO ADICIONAL DE SERIE-TÍTULO UNIFORME
Título uniforme Bibliothèque France-Amérique
9 (RLIN) 230190
852 ## - LOCALIZACIÓN
Ubicación ES-MaACL
Número de control de estantería F-1873
Holdings
Estatus retirado Estado de pérdida Estado de daño No para préstamo Biblioteca de origen Biblioteca actual Ubicación en estantería Fecha de adquisición Fuente de adquisición Total de préstamos Signatura topográfica completa Código de barras Visto por última vez Precio de reemplazo Tipo de ítem Koha
        Biblioteca del Ateneo de Madrid Biblioteca del Ateneo de Madrid Depósito 2 17/01/2008     F-1873 1054544 23/02/2023 23/02/2023 Libro impreso